000 01343nam a2200349Ia 4500
001 ebr10251427
003 CaPaEBR
006 m u
007 cr cn|||||||||
008 960408s2009 maub sb 001 0 eng d
010 _z 96016004
020 _z1877864412
020 _z9781931930598
040 _aCaPaEBR
_cCaPaEBR
035 _a(OCoLC)560627621
050 1 4 _aDK510.23
_b.R53 2009eb
100 1 _aRichmond, Yale.
245 1 0 _aFrom nyet to da
_h[electronic resource] :
_bunderstanding the Russians /
_cYale Richmond.
246 3 0 _aUnderstanding the Russians
250 _a4th ed.
260 _aBoston ;
_aLondon :
_bIntercultural Press,
_cc2009.
300 _axxii, 168 p. :
_bmap.
504 _aIncludes bibliographical references and index.
533 _aElectronic reproduction.
_bPalo Alto, Calif. :
_cebrary,
_d2009.
_nAvailable via World Wide Web.
_nAccess may be limited to ebrary affiliated libraries.
650 0 _aNational characteristics, Russian.
650 0 _aSocial psychology
_zRussia (Federation)
651 0 _aRussia (Federation)
651 0 _aRussia (Federation)
_xSocial life and customs.
655 7 _aElectronic books.
_2local
710 2 _aebrary, Inc.
856 4 0 _uhttp://site.ebrary.com/lib/rucke/Doc?id=10251427
_zAn electronic book accessible through the World Wide Web; click to view
999 _c35844
_d35844